| 000 | 00768nam a2200217 i 4500 | ||
|---|---|---|---|
| 001 | 88674 | ||
| 003 | ES-MaACL | ||
| 005 | 20250824030020.0 | ||
| 007 | t| | ||
| 008 | 050105s1947 sp ||||1| spa d | ||
| 100 | 1 |
_aLarra, Fernando José de. _970286 |
|
| 245 | 1 | 3 |
_aLa sociedad española a través del teatro del siglo XIX / _cpor Fernando José de Larra. |
| 260 |
_aMadrid : _b[Escuela Social de Madrid], _c1947 ( _fF. Domenech) |
||
| 300 |
_a37 p. ; _c22 cm. |
||
| 594 | _aPrecede al tít.: Ministerio de Trabajo. Escuela Social de Madrid. | ||
| 650 | 4 |
_aTeatro y sociedad- _zEspaña. _9173594 |
|
| 650 | 7 |
_aTeatro- _zEspaña- _yS.XIX _2 _9141742 |
|
| 710 | 2 |
_aEscuela Social de Madrid. _93593 |
|
| 852 |
_aES-MaACL _j1779-F-2 |
||
| 999 |
_c88674 _d88674 |
||